00894nam a2200241 a 450000100060000000300080000600500170001400800410003102000230007203500190009504000270011404100080014108200260014911000430017524501320021826001080035030000290045849000220048761000430050965000290055265100490058183000220063071518BD-RjUL20211209082127.0170504s1986 enka 000 0 eng d a0140523847 (pbk.)  a(BD-RjUL)71734 aDLCcDLCdBD-RjULbeng aeng00a968.063223bCOM 19862 aCommonwealth Group of Eminent Persons.10aMission to South Africa :bthe Commonwealth report /cthe Commonwealth Group of Eminent Persons ; foreword by Shridath Ramphal. aHarmondsworth, Middlesex, England ;aNew York, N.Y., U.S.A. :bPenguin Books ;bViking Penguin,cc1986. a176 p. :bill. ;c20 cm.0 aA Penguin special20aCommonwealth Group of Eminent Persons. 0aApartheidzSouth Africa. 0aSouth AfricaxPolitics and governmenty1978- aA Penguin special